[Event "Nordic School-chT"]
[Site "Pandrup"]
[Date "2010.09.11"]
[Round "3.2"]
[White "Sondergaard, Helene Breinholt"]
[Black "Kjoita, Henning Jakhelln"]
[Result "0-1"]
[WhiteElo "1529"]
[BlackElo "1862"]
[PlyCount "78"]
[EventDate "2010.09.10"]
[EventType "team-tourn"]
[EventRounds "5"]
[EventCountry "DEN"]
[SourceTitle "EXT 2018"]
[Source "ChessBase"]
[SourceDate "2017.10.13"]
[SourceVersion "1"]
[SourceVersionDate "2017.10.13"]
[SourceQuality "1"]
[WhiteTeam "Denmark II"]
[BlackTeam "Norway"]
[WhiteTeamCountry "DEN"]
[BlackTeamCountry "NOR"]

1. d4 d5 2. c4 e6 3. Nc3 c5 4. dxc5 d4 5. Ne4 Bxc5 6. Nxc5 Qa5+ 7. Bd2 Qxc5 8. Qc2 Nc6 9. Nf3 Nf6 10. h3 0-0 11. a3 a5 12. e4 e5 13. Bd3 h6 14. 0-0 Be6 15. b3 Rfc8 16. g4 Qe7 17. Kh2 Nd7 18. Ne1 g5 19. Qb2 Kg7 20. Kg2 Rh8 21. Nc2 h5 22. f3 Rh7 23. Rh1 Nc5 24. Ne1 Rah8 25. Be2 hxg4 26. fxg4 Nxe4 27. Bd3 Nc5 28. Bxh7 Rxh7 29. Nf3 Nd3 30. Qc2 e4 31. Nxg5 Rh8 32. Nxe4 Bd5 33. cxd5 Qxe4+ 34. Kg1 Nce5 35. Qd1 Nf3+ 36. Kf1 Nxd2+ 37. Qxd2 Qxh1+ 38. Ke2 Re8+ 39. Kxd3 Qe4+ 0-1